000 00294nam a2200133Ia 4500
005 20251222152039.0
008 251222s9999||||xx |||||||||||||| ||spa||
020 _a9972050041
082 _a249.71/J81
245 0 _aPastores dabo vobis:
250 _a1ra.ed.
264 _bTarea
942 _cLIB
999 _c25976
_d25976